| 000 | 00426pab a2200169 454500 | ||
|---|---|---|---|
| 008 | 180718b2012 xxu||||| |||| 00| 0 eng d | ||
| 100 | _aCantoni, Davide | ||
| 245 | _aAdopting a new religion: The case of protestantism in 16th century Germany | ||
| 260 | _c2012 | ||
| 300 | _ap.502-531. | ||
| 362 | _aMay | ||
| 650 | _aReligion | ||
| 650 | _aProtestantism | ||
| 773 | _aEconomic Journal | ||
| 908 | _aN | ||
| 909 | _a95977 | ||
| 999 |
_c95977 _d95977 |
||